000 00450nam a2200181Ia 4500
001 8089
005 20260306160543.0
008 260306t2008||||xx |||||||||||||| ||spa||
041 _aESP
082 _a370.1
_bN28
100 _aNaval, Concepción,
_eAUT
245 0 _aTeoría de la educación :
_bun análisis epistemológico
260 _c2008
300 _a216 páginas :
_c21 cm.
650 _aGEN
654 _aCED
942 _cLIB
_dJUS
_fJUS
_2ddc
_n
999 _c8089
_d8089